000 01222naa a22003377a 4500
001 BR8105122
003 BR-BrBNA
005 20240918174828.0
007 ta
008 230509b bl.||||| |||| 00| 0 por d
040 _aBR-BrBNA
_bpor
_cBiblioteca Nacional de Agricultura
041 _a(Pt)
072 _aM00; M10
_b8520
090 _aM00 BR8105122
100 1 _aHikichi, T.
111 1 _a2. Simposio Brasileiro sobre Aquicultura; 2. Encontro Nacional de Ranicultores
_cJaboticabal, SP (Brazil)
_d1980
245 1 _aDemonstracao do retorno do investimento de um ranario [ra, orcamento]
260 3 _aBrasilia, DF (Brasil):
_c1981.
500 _aAnais do 2. Simposio Brasileiro sobre Aquicultura e do 2. Encontro Nacional de Ranicultores Brasilia, DF (Brasil): 1981. p. 191-199 (BR8105122-AM)M00
650 _aRA
650 _aRANARIO
650 _aCRIACAO
650 _aORCAMENTO
650 _aINVESTIMENTO
650 _aCUSTO
650 _aRECEITA
650 _aLUCRO
773 0 _tAnais do 2. Simposio Brasileiro sobre Aquicultura e do 2. Encontro Nacional de Ranicultores
_wM00 BR8105122
_gBrasilia, DF (Brasil), 1981. p. 191-199
909 _a202404
_bLucia
_c55
_dLucia Elande
942 _cAM
_2AGRIS
999 _c313851
_d313851